000 00476cam a2200145 4500
020 _a0828402477
050 0 0 _aQA455
_b.B17 2012
100 1 _aBoyke, Kimberley.
245 1 3 _aAn introduction to plane geometry :
_bexplorations and explanations /
250 _aCustom edition for College of Lake County.
260 _aBoston, MA [USA] :
_bPearson Learning Solutions,
_cc2012.
300 _axiv, 562 p. :
650 _xGeometry -- Plane, -- Study and teaching.
942 _2lcc
_cGEN
999 _c8556
_d8556